AVTAR SINGH'S COMPETITION LAW (Record no. 9075)

MARC details
000 -LEADER
fixed length control field 00386nam a22001697a 4500
005 - DATE AND TIME OF LATEST TRANSACTION
control field 20260310165112.0
008 - FIXED-LENGTH DATA ELEMENTS--GENERAL INFORMATION
fixed length control field 260310b |||||||| |||| 00| 0 eng d
020 ## - INTERNATIONAL STANDARD BOOK NUMBER
ISBN 9788119868339
041 ## - LANGUAGE CODE
Language code of text/sound track or separate title eng
082 ## - DEWEY DECIMAL CLASSIFICATION NUMBER
Classification number 343.0721 VYA-A
100 ## - MAIN ENTRY--AUTHOR NAME
Personal name VYAS, NEHA
245 ## - TITLE STATEMENT
Title AVTAR SINGH'S COMPETITION LAW
260 ## - PUBLICATION, DISTRIBUTION, ETC. (IMPRINT)
Place of publication LUCKNOW
Name of publisher EBC
300 ## - PHYSICAL DESCRIPTION
Number of Pages 246;P
650 ## - SUBJECT ADDED ENTRY--TOPICAL TERM
Topical Term LAW
942 ## - ADDED ENTRY ELEMENTS (KOHA)
Koha item type Books
Holdings
Lost status Damaged status Collection code Home library Current library Shelving location Date acquired Source of acquisition Cost, normal purchase price Serial Enumeration / chronology Full call number Accession Number Koha item type
    LAW JRU Library JRU Library SHELF-29-E 09/03/2026 PURCHASE 495.00 LBI/000882 DATE-06/03/2026 343.0721 VYA 29350 Books
    LAW JRU Library JRU Library SHELF-29-E 09/03/2026 PURCHASE 495.00 LBI/000882 DATE-06/03/2026 343.0721 VYA 29351 Books
    LAW JRU Library JRU Library SHELF-29-E 09/03/2026 PURCHASE 495.00 LBI/000882 DATE-06/03/2026 343.0721 VYA 29352 Books